東京駅より東にある駅(サドンデス) - Statistics

General Stats
  • This quiz has been taken 769 times
  • The average score is 10 of 25
Answers on the Grid
Answers color-coded by a green-red scale on the quiz's grid according to % correct below.
稚内駅
旭川駅
札幌駅
函館駅
青森駅
弘前駅
秋田駅
田沢湖駅
仙台駅
石巻駅
山形駅
米沢駅
鶴岡駅
福島駅
会津若松駅
水戸駅
つくば駅
古河駅
宇都宮駅
日光駅
小山駅
館林駅
桐生駅
前橋駅
野田市駅
松戸駅
館山駅
大宮駅
越谷レイクタウン駅
和光市駅
上野駅
赤羽駅
品川駅
国際展示場駅
川崎駅
横浜駅
鎌倉駅
浦賀駅
村上駅
新潟駅
越後湯沢駅
上越妙高駅
 
Answer Stats
Answer % Correct
稚内駅
81%
旭川駅
79%
仙台駅
74%
札幌駅
72%
水戸駅
70%
つくば駅
65%
石巻駅
62%
函館駅
59%
青森駅
59%
福島駅
54%
弘前駅
40%
松戸駅
33%
田沢湖駅
29%
山形駅
28%
宇都宮駅
28%
秋田駅
26%
米沢駅
25%
会津若松駅
25%
野田市駅
25%
館山駅
22%
国際展示場駅
19%
鶴岡駅
18%
小山駅
17%
越谷レイクタウン駅
17%
上野駅
13%
No matching quizzes found
Score Distribution
Percent of People with Each Score
Percentile by Number Answered
Your Score History
You have not taken this quiz